[Event "Druga liga Srbije - Vojvodina 2008"]
[Site "Sombor"]
[Date "2008.10.06"]
[Round "8"]
[White "Szuhanek, Ranko"]
[Black "Miljanic, Boro"]
[Result "1/2-1/2"]
[WhiteElo "2457"]
[BlackElo "2404"]
[PlyCount "30"]
[EventDate "2008.??.??"]
[Source "Perpetual Check"]

1. Nf3 Nf6 2. c4 g6 3. Nc3 Bg7 4. e4 O-O 5. d4 d6 6. Be2 e5 7. O-O Nc6 8. d5
Ne7 9. b4 a5 10. Ba3 b6 11. bxa5 Rxa5 12. Bb4 Ra8 13. a4 Ne8 14. Qd3 f5 15. Ng5
Kh8 1/2-1/2

[Event "Druga liga Srbije - Vojvodina 2008"]
[Site "Sombor"]
[Date "2008.10.06"]
[Round "8"]
[White "Tomic, Bosko"]
[Black "Lekic, Dusan"]
[Result "1/2-1/2"]
[WhiteElo "2405"]
[BlackElo "2394"]
[PlyCount "28"]
[EventDate "2008.??.??"]
[Source "Perpetual Check"]

1. e4 c5 2. Nf3 d6 3. d4 cxd4 4. Nxd4 Nf6 5. Nc3 Nc6 6. Bg5 e6 7. Qd2 Be7 8.
Be2 O-O 9. Rd1 a6 10. O-O Bd7 11. Nb3 b5 12. Bxf6 gxf6 13. Qh6 Kh8 14. Bd3 Ne5
1/2-1/2

[Event "Druga liga Srbije - Vojvodina 2008"]
[Site "Sombor"]
[Date "2008.10.06"]
[Round "8"]
[White "Stojanovic, Zoran"]
[Black "Vujadinovic, Goran"]
[Result "1/2-1/2"]
[WhiteElo "2251"]
[BlackElo "2363"]
[PlyCount "34"]
[EventDate "2008.??.??"]
[Source "Perpetual Check"]

1. d4 d6 2. c4 e5 3. dxe5 dxe5 4. Qxd8+ Kxd8 5. Nc3 Be6 6. e4 Bc5 7. f4 Nc6 8.
f5 Bd7 9. Nf3 f6 10. Bd3 Nd4 11. Nxd4 exd4 12. Nd5 c6 13. Nf4 Ke7 14. O-O Nh6
15. Bd2 a5 16. Nh5 Ng4 17. Nxg7 Bb4 1/2-1/2

[Event "Druga liga Srbije - Vojvodina 2008"]
[Site "Sombor"]
[Date "2008.10.06"]
[Round "8"]
[White "Stanojevic, Branko"]
[Black "Mijatovic, Dejan"]
[Result "1/2-1/2"]
[WhiteElo "2275"]
[BlackElo "2278"]
[PlyCount "39"]
[EventDate "2008.??.??"]
[Source "Perpetual Check"]

1. d4 d5 2. c4 c6 3. cxd5 cxd5 4. Nc3 Nf6 5. Bf4 a6 6. e3 e6 7. Nf3 Bd6 8. Bxd6
Qxd6 9. Bd3 Nc6 10. O-O O-O 11. Rc1 e5 12. dxe5 Nxe5 13. Be2 Rd8 14. Qd4 Nc6
15. Qh4 Bg4 16. Rfd1 Qb4 17. h3 d4 18. hxg4 dxc3 19. bxc3 Qxg4 20. Qxg4 1/2-1/2

[Event "Druga liga Srbije - Vojvodina 2008"]
[Site "Sombor"]
[Date "2008.10.06"]
[Round "8"]
[White "Bokan, Danko"]
[Black "Kolognat, Petar"]
[Result "1/2-1/2"]
[WhiteElo "2323"]
[BlackElo "2292"]
[PlyCount "28"]
[EventDate "2008.??.??"]
[Source "Perpetual Check"]

1. e4 c5 2. Nf3 e6 3. d4 cxd4 4. Nxd4 Nf6 5. Bd3 Nc6 6. Nb3 d5 7. exd5 Nxd5 8.
Qe2 Bd6 9. g3 O-O 10. c4 Ndb4 11. Be4 a5 12. a3 Na6 13. Nc3 f5 14. Bg2 Nc5
1/2-1/2

[Event "Druga liga Srbije - Vojvodina 2008"]
[Site "Sombor"]
[Date "2008.10.06"]
[Round "8"]
[White "Bogic, Stevan"]
[Black "Jovic, Stevan"]
[Result "1-0"]
[WhiteElo "2259"]
[BlackElo "2238"]
[PlyCount "57"]
[EventDate "2008.??.??"]
[Source "Perpetual Check"]

1. d4 d5 2. c4 c6 3. Nf3 Nf6 4. Nc3 dxc4 5. a4 Bf5 6. Ne5 e6 7. f3 Bb4 8. h4
Nd5 9. Bd2 Be7 10. g3 f6 11. Nxc4 Qc7 12. Kf2 Bg6 13. e4 Nxc3 14. bxc3 Nd7 15.
Bh3 Bf7 16. Bf4 e5 17. dxe5 Bxc4 18. exf6 Bc5+ 19. Kg2 Ne5 20. Bxe5 Qf7 21.
fxg7 Rg8 22. Bf5 Rd8 23. Qc1 Rd3 24. Qh6 Be3 25. Qxh7 Rd2+ 26. Kh3 Qe7 27. Qg6+
Bf7 28. Qf6 Rf2 29. Rad1 1-0

[Event "Druga liga Srbije - Vojvodina 2008"]
[Site "Sombor"]
[Date "2008.10.06"]
[Round "8"]
[White "Markovic, Milovan"]
[Black "Saric, Sinisa"]
[Result "0-1"]
[WhiteElo "2254"]
[BlackElo "2414"]
[PlyCount "68"]
[EventDate "2008.??.??"]
[Source "Perpetual Check"]

1. d4 Nf6 2. Nf3 g6 3. Nc3 d5 4. Bf4 Bg7 5. h3 O-O 6. e3 b6 7. Bd3 c5 8. O-O
Nc6 9. Ne5 Bb7 10. Nxc6 Bxc6 11. Be5 Qd7 12. a4 Rfd8 13. Qe1 Bf8 14. f3 Ne8 15.
b3 f6 16. Bh2 Nd6 17. Kh1 Bg7 18. Rd1 cxd4 19. exd4 Re8 20. Qf2 Rad8 21. Rfe1
e5 22. dxe5 fxe5 23. Na2 Qf7 24. Qg1 Kh8 25. a5 bxa5 26. Qc5 Qc7 27. Bf1 Qb6
28. Qa3 Nf5 29. Nc1 d4 30. Bg1 e4 31. fxe4 Ng3+ 32. Kh2 Qc7 33. e5 Nxf1+ 34.
Rxf1 Qxe5+ 0-1

[Event "Druga liga Srbije - Vojvodina 2008"]
[Site "Sombor"]
[Date "2008.10.06"]
[Round "8"]
[White "Rogac, Srdjan"]
[Black "Popovic, Milos T"]
[Result "1/2-1/2"]
[WhiteElo "2303"]
[BlackElo "2403"]
[PlyCount "24"]
[EventDate "2008.??.??"]
[Source "Perpetual Check"]

1. e4 c5 2. Nf3 Nc6 3. Bb5 e5 4. O-O Nge7 5. c3 g6 6. d4 cxd4 7. cxd4 exd4 8.
Nxd4 Bg7 9. Nf3 d5 10. exd5 Qxd5 11. Qxd5 Nxd5 12. Re1+ Nde7 1/2-1/2

[Event "Druga liga Srbije - Vojvodina 2008"]
[Site "Sombor"]
[Date "2008.10.06"]
[Round "8"]
[White "Nikac, Predrag"]
[Black "Krejic, Igor"]
[Result "1-0"]
[WhiteElo "2390"]
[BlackElo "2273"]
[PlyCount "127"]
[EventDate "2008.??.??"]
[Source "Perpetual Check"]

1. e4 e5 2. Bc4 Nf6 3. d3 Nc6 4. Nf3 Bc5 5. O-O O-O 6. c3 d6 7. Bb3 Bb6 8. Nbd2
a6 9. Nc4 Ba7 10. Ne3 Rb8 11. a4 Be6 12. Nd5 h6 13. Be3 Ng4 14. Bxa7 Nxa7 15.
h3 c6 16. hxg4 cxd5 17. Nd2 Qd7 18. Bxd5 Bxg4 19. Qb3 Nc6 20. f4 Be6 21. f5
Bxd5 22. Qxd5 Kh7 23. Nc4 f6 24. Rf3 Rbd8 25. Nb6 Qf7 26. Ra3 Qxd5 27. Nxd5 Na5
28. b4 Nc6 29. Rb3 Rf7 30. b5 axb5 31. Rxb5 Ra8 32. Nb6 Ra5 33. Rf2 Rxb5 34.
axb5 Nb8 35. Ra2 Nd7 36. Nc4 Nc5 37. Rd2 Rc7 38. Ne3 Rc8 39. Kf2 Ra8 40. Nc4
Rd8 41. Nb6 Nd7 42. Nxd7 Rxd7 43. c4 Kg8 44. Ra2 Rd8 45. Ra7 Rb8 46. Ke3 Kf7
47. d4 Ke7 48. c5 exd4+ 49. Kxd4 dxc5+ 50. Kxc5 Kd7 51. Kb6 Kd6 52. Rxb7 Re8
53. Rxg7 Rxe4 54. Rf7 Rg4 55. Rxf6+ Ke5 56. Rg6 Rf4 57. g4 h5 58. gxh5 Rxf5 59.
h6 Rh5 60. Rc6 Rh1 61. Kb7 Rh2 62. b6 Rh1 63. Kc7 Rf1 64. b7 1-0

[Event "Druga liga Srbije - Vojvodina 2008"]
[Site "Sombor"]
[Date "2008.10.06"]
[Round "8"]
[White "Savanovic, Vuk"]
[Black "Kontic, Djordjije"]
[Result "1-0"]
[WhiteElo "2225"]
[BlackElo "2380"]
[PlyCount "58"]
[EventDate "2008.??.??"]
[Source "Perpetual Check"]

1. e4 c5 2. Nf3 e6 3. d4 cxd4 4. Nxd4 Nc6 5. Nc3 a6 6. Be2 Qc7 7. Be3 Nf6 8.
O-O Bb4 9. Na4 Be7 10. Nxc6 dxc6 11. Nb6 Rb8 12. Bd3 c5 13. Nxc8 Rxc8 14. c4
Rd8 15. Qe2 h5 16. h3 h4 17. Rad1 Nh5 18. Bc2 Bd6 19. Ba4+ Ke7 20. a3 Bh2+ 21.
Kh1 Bf4 22. Rxd8 Kxd8 23. Rd1+ Kc8 24. b4 Bxe3 25. Qxe3 Qe5 26. bxc5 Rd8 27.
Rb1 Nf4 28. Qb3 b5 29. cxb5 Qxe4 {dalje je necitko} 1-0

[Event "Druga liga Srbije - Vojvodina 2008"]
[Site "Sombor"]
[Date "2008.10.06"]
[Round "8"]
[White "Djacanin, Goran"]
[Black "Robulj, Nenad"]
[Result "0-1"]
[WhiteElo "2244"]
[BlackElo "2267"]
[PlyCount "56"]
[EventDate "2008.??.??"]
[Source "Perpetual Check"]

1. e4 e6 2. d4 d5 3. e5 c5 4. c3 Nc6 5. Nf3 Nge7 6. a3 a5 7. Bd3 cxd4 8. cxd4
Nf5 9. Bxf5 exf5 10. Nc3 Be6 11. O-O Be7 12. Be3 g5 13. Na4 f4 14. Bd2 Bg4 15.
Qb3 Bxf3 16. Qxf3 Nxd4 17. Qd3 Nc6 18. e6 fxe6 19. Rfe1 e5 20. Qf5 Qc8 21. Rxe5
Qxf5 22. Rxf5 O-O-O 23. Nb6+ Kb8 24. b4 Rhf8 25. Rxd5 axb4 26. axb4 Kc7 27. b5
Kxb6 28. Rxd8 Nxd8 0-1

[Event "Druga liga Srbije - Vojvodina 2008"]
[Site "Sombor"]
[Date "2008.10.06"]
[Round "8"]
[White "Velickovic, Sasa"]
[Black "Kosic, Dragan"]
[Result "1/2-1/2"]
[WhiteElo "2410"]
[BlackElo "2511"]
[PlyCount "26"]
[EventDate "2008.??.??"]
[Source "Perpetual Check"]

1. e4 e6 2. Qe2 d5 3. exd5 Qxd5 4. Nc3 Qd8 5. Nf3 Nf6 6. g3 b6 7. Bg2 Bb7 8.
O-O Be7 9. Rd1 O-O 10. d4 a6 11. Bf4 Ra7 12. a4 Nbd7 13. Ne5 Bxg2 1/2-1/2

[Event "Druga liga Srbije - Vojvodina 2008"]
[Site "Sombor"]
[Date "2008.10.06"]
[Round "8"]
[White "Zlatic, Mihajlo"]
[Black "Radlovacki, Jovan"]
[Result "1/2-1/2"]
[WhiteElo "2471"]
[BlackElo "2390"]
[PlyCount "43"]
[EventDate "2008.??.??"]
[Source "Perpetual Check"]

1. e4 c6 2. d4 d5 3. exd5 cxd5 4. c4 Nf6 5. Nc3 Nc6 6. Bg5 Be6 7. Nf3 h6 8.
Bxf6 exf6 9. c5 g6 10. Bb5 Bg7 11. O-O O-O 12. h3 Re8 13. Re1 Re7 14. Qa4 Qd7
15. Re3 h5 16. Rae1 Bh6 17. R3e2 Bf4 18. Bd3 Rae8 19. b4 a6 20. b5 axb5 21.
Bxb5 Kg7 22. Qb3 1/2-1/2

[Event "Druga liga Srbije - Vojvodina 2008"]
[Site "Sombor"]
[Date "2008.10.06"]
[Round "8"]
[White "Andrijevic, Milan"]
[Black "Kizov, Atanas"]
[Result "1-0"]
[WhiteElo "2367"]
[BlackElo "2439"]
[PlyCount "110"]
[EventDate "2008.??.??"]
[Source "Perpetual Check"]

1. e4 e5 2. Nf3 Nc6 3. Bb5 Nf6 4. O-O Nxe4 5. d4 Be7 6. Qe2 Nd6 7. Bxc6 bxc6 8.
dxe5 Nb7 9. b3 O-O 10. Bb2 d5 11. Nd4 Qd7 12. f4 c5 13. Nf3 Nd8 14. Nc3 c6 15.
Ba3 c4 16. Bxe7 Qxe7 17. Qf2 Qb4 18. Ne2 cxb3 19. axb3 c5 20. Ra4 Qb6 21. Rd1
Bd7 22. Ra2 d4 23. Ng3 Nc6 24. Nd2 Nb4 25. Nc4 Qc7 26. Ra3 f6 27. Qd2 Be6 28.
Nd6 fxe5 29. fxe5 Nd5 30. Qa5 Qc6 31. Qb5 Qc7 32. Rd2 Nc3 33. Qa5 Qc6 34. Ra1
h6 35. Qa6 Qc7 36. Qd3 a5 37. Qg6 Qe7 38. Re1 Kh8 39. Ngf5 Qg5 40. Qxg5 hxg5
41. Ng3 a4 42. bxa4 Rxa4 43. Nge4 Nxe4 44. Nxe4 Rc4 45. Nxg5 Re8 46. Nxe6 Rxe6
47. Ree2 Ra4 48. Rd3 Ra8 49. Kf2 Rae8 50. Rh3+ Kg8 51. Rh5 c4 52. Ke1 Rd8 53.
Kd2 d3 54. cxd3 Rxd3+ 55. Kc1 Kf7 {daje je necitko} 1-0

[Event "Druga liga Srbije - Vojvodina 2008"]
[Site "Sombor"]
[Date "2008.10.06"]
[Round "8"]
[White "Dragojlovic, Andjelko"]
[Black "Kostic, Branimir"]
[Result "1-0"]
[WhiteElo "2393"]
[BlackElo "2289"]
[PlyCount "61"]
[EventDate "2008.??.??"]
[Source "Perpetual Check"]

1. e4 c5 2. Nf3 d6 3. c3 Nf6 4. Be2 Nc6 5. d4 e6 6. Nbd2 Be7 7. O-O O-O 8. a3
b6 9. b4 cxd4 10. cxd4 Bb7 11. Bb2 Rc8 12. Bd3 e5 13. Re1 exd4 14. Nxd4 Nxd4
15. Bxd4 Nd7 16. Bb5 Ne5 17. f4 Nc6 18. Bxc6 Rxc6 19. Nf3 Bf6 20. Qd3 Qe7 21.
Rad1 Rfc8 22. b5 Bxd4+ 23. Nxd4 Rc3 24. Nf5 Qe6 25. Qxd6 Re8 26. Qd4 Qf6 27.
Qd7 Rb8 28. e5 Qe6 29. Qxb7 Rf8 30. Qd7 Rxa3 31. Qd6 1-0

[Event "Druga liga Srbije - Vojvodina 2008"]
[Site "Sombor"]
[Date "2008.10.06"]
[Round "8"]
[White "Orlov, Konstantin"]
[Black "Miranovic, Rajko"]
[Result "1-0"]
[WhiteElo "2247"]
[BlackElo "2383"]
[PlyCount "101"]
[EventDate "2008.??.??"]
[Source "Perpetual Check"]

1. d4 d5 2. c4 e6 3. Nc3 Be7 4. Nf3 Nf6 5. Bg5 h6 6. Bh4 O-O 7. e3 b6 8. Bxf6
Bxf6 9. cxd5 exd5 10. Be2 Be6 11. O-O c5 12. Qa4 Qe7 13. dxc5 bxc5 14. Rfd1 Rd8
15. Rd2 Bxc3 16. bxc3 Nd7 17. Rb2 Nf6 18. Qf4 Qd7 19. a4 c4 20. a5 Ne4 21. Ne5
Qe8 22. Rb7 Nxc3 23. Bh5 d4 24. exd4 Nd5 25. Qf3 Nf6 26. Bxf7+ Bxf7 27. Nxf7
Rxd4 28. Nxh6+ gxh6 29. Qxf6 Rd7 30. Rxd7 Qxd7 31. Qxh6 Qd4 32. Re1 c3 33. h3
Rf8 34. Qg5+ Kh8 35. Qe5+ Qxe5 36. Rxe5 Rc8 37. Re1 Kg7 38. Kf1 Rc5 39. Rc1 Kf6
40. Ke2 Ke5 41. Kd3 Rxa5 42. Rxc3 Ra2 43. Ke3 a5 44. g4 a4 45. Rc5+ Kd6 46. Ra5
a3 47. h4 Ra1 48. Kf4 Ke6 49. h5 a2 50. g5 Rh1 51. Ra6+ 1-0

[Event "Druga liga Srbije - Vojvodina 2008"]
[Site "Sombor"]
[Date "2008.10.06"]
[Round "8"]
[White "Grujic, Zoran"]
[Black "Jovanovic, Milos"]
[Result "1-0"]
[WhiteElo "2335"]
[BlackElo "2257"]
[PlyCount "85"]
[EventDate "2008.??.??"]
[Source "Perpetual Check"]

1. Nf3 Nf6 2. c4 g6 3. Nc3 Bg7 4. e4 c5 5. d4 cxd4 6. Nxd4 O-O 7. Be3 Nc6 8.
Be2 d6 9. Qd2 Ng4 10. Bxg4 Bxg4 11. f3 Be6 12. b3 Qa5 13. O-O Rfc8 14. Rfd1 a6
15. Nde2 b5 16. cxb5 axb5 17. Rac1 Nb4 18. Ra1 Na6 19. Rac1 Nb4 20. Ra1 Na6 21.
Rac1 Nb4 22. Ra1 d5 23. a3 dxe4 24. axb4 Qxa1 25. Rxa1 Rxa1+ 26. Kf2 exf3 27.
gxf3 h5 28. Bd4 Rd8 29. Qb2 Rxd4 30. Qxa1 Rxb4 31. Qa8+ Kh7 32. Ne4 Kh6 33. Qd8
Rxb3 34. Qd2+ Kh7 35. Ng5+ Kg8 36. Qd8+ Bf8 37. Nxe6 fxe6 38. Nf4 Kf7 39. Qd7
Rb2+ 40. Kg3 h4+ 41. Kh3 g5 42. Qxe6+ Ke8 43. Qc6+ 1-0

[Event "Druga liga Srbije - Vojvodina 2008"]
[Site "Sombor"]
[Date "2008.10.06"]
[Round "8"]
[White "Lalic, Dragan"]
[Black "Galo, Dejan"]
[Result "1/2-1/2"]
[WhiteElo "2367"]
[BlackElo "2092"]
[PlyCount "24"]
[EventDate "2008.??.??"]
[Source "Perpetual Check"]

1. Nf3 Nf6 2. g3 d5 3. c4 c6 4. Bg2 Bg4 5. O-O e6 6. cxd5 exd5 7. d3 Nbd7 8. h3
Bxf3 9. Bxf3 Be7 10. Bf4 O-O 11. Qc2 Nc5 12. d4 Nce4 1/2-1/2

[Event "Druga liga Srbije - Vojvodina 2008"]
[Site "Sombor"]
[Date "2008.10.06"]
[Round "8"]
[White "Bogosavljevic, Boban"]
[Black "Roganovic, Milos"]
[Result "1/2-1/2"]
[WhiteElo "2541"]
[BlackElo "2458"]
[PlyCount "99"]
[EventDate "2008.??.??"]
[Source "Perpetual Check"]

1. Nf3 Nf6 2. c4 g6 3. Nc3 d5 4. cxd5 Nxd5 5. Qa4+ Bd7 6. Qh4 Nxc3 7. dxc3 Nc6
8. e4 e5 9. Bg5 Be7 10. Qh6 Bf6 11. O-O-O Qe7 12. Bc4 O-O-O 13. Bxf6 Qxf6 14.
Qg5 Qg7 15. Qe3 f6 16. Bb5 Kb8 17. Rd3 a6 18. Ba4 Kc8 19. Rhd1 Nb8 20. Bb3 Qe7
21. Nd2 Bg4 22. f3 Rxd3 23. Qxd3 Be6 24. Nc4 Nd7 25. Ne3 Bxb3 26. axb3 Nb6 27.
Nc4 Nxc4 28. Qxc4 Rd8 29. Rxd8+ Kxd8 30. Qd5+ Kc8 31. Qg8+ Kd7 32. h4 f5 33. g3
fxe4 34. fxe4 c6 35. Qb8 Ke6 36. b4 Qd7 37. Kc2 Kf6 38. Qh8+ Qg7 39. Qc8 Qf7
40. g4 Qe7 41. Qh8+ Ke6 42. g5 Qf7 43. Qc8+ Kd6 44. Qb8+ Ke6 45. Kb3 b5 46. Qd8
Qf3 47. Ka2 Qxe4 48. Qc8+ Kd6 49. Qd8+ Ke6 50. Qc8+ 1/2-1/2

[Event "Druga liga Srbije - Vojvodina 2008"]
[Site "Sombor"]
[Date "2008.10.06"]
[Round "8"]
[White "Balog, Imre"]
[Black "Drazic, Sinisa"]
[Result "0-1"]
[WhiteElo "2423"]
[BlackElo "2528"]
[PlyCount "69"]
[EventDate "2008.??.??"]
[Source "Perpetual Check"]

1. d4 g6 2. Nf3 Bg7 3. g3 f5 4. Bg2 Nf6 5. O-O O-O 6. c4 d6 7. Nc3 c6 8. Qc2
Na6 9. a3 Nh5 10. Rd1 Qe8 11. d5 c5 12. Rb1 h6 13. Ne1 g5 14. f4 gxf4 15. gxf4
Kh7 16. Nf3 Qf7 17. e3 Rg8 18. Bd2 e6 19. Kh1 Nc7 20. e4 exd5 21. exd5 Bxc3 22.
Qxc3 Ne8 23. b4 b6 24. bxc5 bxc5 25. Ne5 dxe5 26. fxe5 Ba6 27. Bf3 Neg7 28. Qe3
f4 29. Qd3+ Nf5 30. Rg1 Rxg1+ 31. Rxg1 Rg8 32. Be4 Rxg1+ 33. Kxg1 Nhg7 34. Bxf4
Kg8 35. h3 {dalje je necitko} 0-1

[Event "Druga liga Srbije - Vojvodina 2008"]
[Site "Sombor"]
[Date "2008.10.06"]
[Round "8"]
[White "Petkovic, Radosav"]
[Black "Novakovic, Dragan"]
[Result "1-0"]
[WhiteElo "2313"]
[BlackElo "2291"]
[PlyCount "97"]
[EventDate "2008.??.??"]
[Source "Perpetual Check"]

1. e4 e6 2. d4 d5 3. Nc3 Nf6 4. Bg5 Be7 5. e5 Nfd7 6. Bxe7 Qxe7 7. f4 a6 8. Qd2
c5 9. Nf3 Nc6 10. dxc5 Nxc5 11. Bd3 b5 12. O-O g6 13. a4 bxa4 14. Nxa4 Rb8 15.
b3 Nb4 16. Nb2 Nbxd3 17. Nxd3 Ne4 18. Qe3 O-O 19. Nf2 Qc5 20. Qxc5 Nxc5 21. Ra5
Nd7 22. Nd4 Rb6 23. Nd3 Bb7 24. Nc5 Nxc5 25. Rxc5 Rc8 26. Rxc8+ Bxc8 27. Ra1
Bd7 28. Kf2 Kg7 29. Ke3 f6 30. g3 h6 31. Ra5 fxe5 32. fxe5 Kf7 33. h4 Ke7 34.
c3 Bc8 35. Rc5 Kd7 36. g4 Bb7 37. g5 h5 38. Ra5 Ke7 39. Kd2 Bc6 40. Rc5 Kd7 41.
Ra5 Ke7 42. Ke3 Bd7 43. Rc5 Kd8 44. b4 Bb5 45. Nc2 Kd7 46. Ne1 Rb8 47. Ng2 Rg8
48. Nf4 Rg7 49. Rc7+ 1-0

[Event "Druga liga Srbije - Vojvodina 2008"]
[Site "Sombor"]
[Date "2008.10.06"]
[Round "8"]
[White "Tokovic, Svetozar"]
[Black "Munizaba, Slobodan"]
[Result "1/2-1/2"]
[WhiteElo "2254"]
[BlackElo "2307"]
[PlyCount "27"]
[EventDate "2008.??.??"]
[Source "Perpetual Check"]

1. Nf3 Nf6 2. g3 b6 3. Bg2 Bb7 4. O-O e6 5. c4 Be7 6. Nc3 O-O 7. Qc2 d5 8. cxd5
exd5 9. d4 Nbd7 10. Ne5 c5 11. Qa4 cxd4 12. Nxd7 Qxd7 13. Qxd7 Nxd7 14. Nxd5
1/2-1/2

[Event "Druga liga Srbije - Vojvodina 2008"]
[Site "Sombor"]
[Date "2008.10.06"]
[Round "8"]
[White "Zivkovic, Negosim"]
[Black "Ivanovic, Miroslav"]
[Result "0-1"]
[WhiteElo "2237"]
[BlackElo "2168"]
[PlyCount "71"]
[EventDate "2008.??.??"]
[Source "Perpetual Check"]

1. e4 c5 2. Nf3 d6 3. d4 cxd4 4. c3 d3 5. Bxd3 Nf6 6. h3 Nc6 7. O-O e6 8. Bf4
Qc7 9. Na3 Ne5 10. Nb5 Qb8 11. Nxe5 dxe5 12. Bg3 a6 13. Nd4 Bd6 14. Nf3 Nh5 15.
Bh2 Nf4 16. Be2 h6 17. Re1 Ng6 18. Qd2 O-O 19. c4 b5 20. Rad1 Be7 21. Qc3 f6
22. c5 b4 23. Qc4 Qb5 24. Qxb5 axb5 25. Bxb5 Bxc5 26. Rc1 Be7 27. Rc6 Rd8 28.
Rb6 Bd7 29. Rd1 Kf8 30. Kf1 Kf7 31. Ke2 Nf8 32. Ne1 Rdc8 33. Nd3 Bc6 34. Rc1
Bxe4 35. Rxc8 Rxc8 36. f3 {dalje je nejasno upisano.} 0-1

[Event "Druga liga Srbije - Vojvodina 2008"]
[Site "Sombor"]
[Date "2008.10.06"]
[Round "8"]
[White "Strangar, Zlatko"]
[Black "Donevski, Darko"]
[Result "0-1"]
[WhiteElo "2174"]
[BlackElo "2117"]
[PlyCount "156"]
[EventDate "2008.??.??"]
[Source "Perpetual Check"]

1. e4 c5 2. Nf3 d6 3. d4 cxd4 4. Nxd4 Nf6 5. Nc3 h6 6. Bc4 b5 7. Bb3 e6 8. O-O
Bb7 9. f3 b4 10. Nce2 Nbd7 11. c3 bxc3 12. Nxc3 Nc5 13. Bc2 Be7 14. Be3 O-O 15.
Qe1 Rc8 16. Qg3 g6 17. Rad1 Qc7 18. Rfe1 d5 19. e5 Nh5 20. Qf2 Qxe5 21. Bxh6
Qf6 22. Bxf8 Bxf8 23. f4 Nxf4 24. Nde2 Nxe2+ 25. Rxe2 Qxf2+ 26. Kxf2 Nd7 27.
Na4 e5 28. Nc3 Nf6 29. Ke1 Bb4 30. Kf1 e4 31. Rb1 Ng4 32. Nxe4 Rxc2 33. Nf6+
Nxf6 34. Rxc2 Ne4 35. Rd1 a5 36. g3 Bd6 37. a3 a4 38. Rd4 Nc5 39. Rb4 Ba6+ 40.
Kg2 Bd3 41. Rc3 Be4+ 42. Kf1 Kg7 43. Ke2 Kf6 44. Rb5 Ne6 45. Ra5 Nd4+ 46. Kf2
Nf5 47. Rxa4 d4 48. Rc1 Ke5 49. Ra5+ Bd5 50. b4 d3 51. Rd1 Kd4 52. g4 Ne3 53.
Rd2 Nxg4+ 54. Ke1 Be4 55. Ra7 Kc3 56. Rd1 Bxh2 57. Rc1+ Kd4 58. Rxf7 Ke3 59.
Rc3 Bg3+ 60. Kd1 Nf2+ 61. Ke1 Ng4+ 62. Kd1 Ne5 63. Rh7 Bf3+ 64. Kc1 Ke2 65.
Rc2+ dxc2 66. Kxc2 Be4+ 67. Kc3 Be1+ 68. Kd4 Nf3+ 69. Kc5 Bf2+ 70. Kb5 g5 71.
Rg7 Nd4+ 72. Kc4 Be3 73. a4 Ne6 74. Re7 Bf5 75. b5 g4 76. a5 g3 77. b6 g2 78.
b7 Ba7 0-1